LEADER 04470nam 2200685 a 450 001 9910790380203321 005 20230801223323.0 010 $a1-61811-051-9 024 7 $a10.1515/9781618110510 035 $a(CKB)2670000000204310 035 $a(EBL)3110468 035 $a(SSID)ssj0000685970 035 $a(PQKBManifestationID)11481315 035 $a(PQKBTitleCode)TC0000685970 035 $a(PQKBWorkID)10731956 035 $a(PQKB)10767812 035 $a(MiAaPQ)EBC3110468 035 $a(DE-B1597)540992 035 $a(OCoLC)1109333630 035 $a(DE-B1597)9781618110510 035 $a(Au-PeEL)EBL3110468 035 $a(CaPaEBR)ebr10567524 035 $a(CaONFJC)MIL560959 035 $a(OCoLC)797832992 035 $a(EXLCZ)992670000000204310 100 $a20120417d2012 uy 0 101 0 $aeng 135 $aur|n|---||||| 181 $ctxt 182 $cc 183 $acr 200 10$aJews in the East European borderlands$b[electronic resource] $eessays in honor of John D. Klier /$fedited by Eugene M. Avrutin and Harriet Murav 210 $aBoston $cAcademic Studies Press$d2012 215 $a1 online resource (350 p.) 225 1 $aBorderlines : Russian and East European Jewish studies 300 $aPapers of the international conference held in April 2009 at the University of Illinois, Urbana-Champaign. 311 $a1-936235-59-5 320 $aIncludes bibliographical references and index. 327 $aHistory, culture, and everyday life. The Mariinsko Sergievskii Shelter for Converted Jewish Children in St. Petersburg / Chae Ran Y. Freeze -- Yiddish in imperial Russia's civil society / Gennady Estraikh -- Ansky in Liozno: "Sins of Youth" and the archival diary / Gabriella Safran -- In the evil kingdom of things: Sholem-Aleichem and the writing of everyday life in Jewish literature / Olga Litvak -- A paper life: model letters and real letters as a key to Russian-Jewish aspirations at the turn of the twentieth century / Alice Nakhimovsky and Roberta Newman -- Upheaval, violence, and antisemitism. Violence and the migration of Ashkenazi Jews to Eastern Europe / Shaul Stampfer -- Uses and abuses: "pogrom" in the Anglo-American imagination, 1881 - 1919 / Sam Johnson -- Jews in the East European borderlands. Look! Up there in the sky: it's a vulture, it's a bat . . . It's a Jew. Reflections on antisemitism in late imperial Russia, 1906 - 1914 / Robert Weinberg -- Shots in the back: on the origin of the Anti-Jewish pogroms of 1918 - 1921/ Oleg Budnitskii -- Between external persecution and national renaissance : Simon Dubnow's lachrymose vision of Russian-Jewish History / Joshua M. Karlip -- Soviet Holocaust photography and landscapes of emptiness / David Shneer -- Transformed myths in verse: Boris Slutsky's three Holocaust poems and the question of violence / Marat Grinberg. 330 $aJohn Doyle Klier's pioneering publications on the relations between Jews and the Russian social order-on topics such as public opinion, governance, conversion, Russification politics, antisemitism, and pogroms-have influenced an entire generation of new scholarship. Jews in the East European Borderlands, a collection of essays honoring Klier's life and work, brings together some of the most innovative scholarship in the field. Focusing on the complex, often violent, entanglements between Jews and Russians, historians and literary scholars critically reassess the artifacts of high culture, including Yiddish and Russian prose and poetry, as well as dimensions of daily life, including letter-writing, diaries, the work of philanthropy, photojournalism, and the mass circulation press. 410 0$aBorderlines (Boston, Mass.) 606 $aJews$zRussia$xHistory$y20th century$vCongresses 606 $aJews$zSoviet Union$xHistory$vCongresses 606 $aAntisemitism$zRussia$xHistory$y20th century$vCongresses 606 $aAntisemitism$zSoviet Union$xHistory$vCongresses 615 0$aJews$xHistory 615 0$aJews$xHistory 615 0$aAntisemitism$xHistory 615 0$aAntisemitism$xHistory 676 $a305.892/4047 701 $aAvrutin$b Eugene M$01192508 701 $aMurav$b Harriet$f1955-$0989039 701 $aKlier$b John$0296247 801 0$bMiAaPQ 801 1$bMiAaPQ 801 2$bMiAaPQ 906 $aBOOK 912 $a9910790380203321 996 $aJews in the East European borderlands$93798063 997 $aUNINA LEADER 04274nam 22005533 450 001 9910823733303321 005 20231110230307.0 035 $a(CKB)4100000011891992 035 $a(MiAaPQ)EBC6561844 035 $a(Au-PeEL)EBL6561844 035 $a(OCoLC)1247662344 035 $a(EXLCZ)994100000011891992 100 $a20210901d2021 uy 0 101 0 $aeng 135 $aurcnu|||||||| 181 $ctxt$2rdacontent 182 $cc$2rdamedia 183 $acr$2rdacarrier 200 00$aAptitude-treatment interaction in second language learning$fedited by Robert M. DeKeyser 210 1$aAmsterdam/Philadelphia$cJohn Benjamins Publishing Company$d2021 210 4$d©2021. 215 $a1 online resource (210 pages) 225 1 $aBenjamins Current Topics $vvol. 116 311 $a90-272-0889-1 311 $a90-272-5978-X 327 $aAptitude-treatment interaction in second language learning : introduction to the special issue / Robert M. DeKeyser -- Individualization of practice distribution in second language grammar learning : the role of metalinguistic rule rehearsal ability and working memory capacity / Yuichi Suzuki -- The interaction between timing of explicit grammar explanation and individual differences in second language acquisition / Ilina Kachinske and Robert M. DeKeyser -- The associations between individual differences in working memory and the effectiveness of immediate and delayed corrective feedback / Mengxia Fu and Shaofeng Li -- Verbal working memory as a predictor of explicit and implicit knowledge of English passive voice / Miroslaw Pawlak and Adriana Biedron? -- Working memory and planning time as predictors of fluency and accuracy / Katharine Brown Nielson and Robert M. DeKeyser -- Phonological short-term memory capacity and L2 oral performance / Gisela Granena and Yucel Yilmaz -- The value of introspective measures in aptitude-treatment interaction research : a window on individual differences in action / Rebecca Sachs, Yuka Akiyama and Kimi Nakatsukasa. 330 $a"This volume brings together seven empirical studies about aptitude-treatment interactions (ATI), i.e., about how (second language) learners with different aptitudes match or don't match with different educational treatments; and aptitude-testing interactions, i.e., about how learners with different aptitudes perform better or worse depending on the way their knowledge and skills are tested. The authors are all established researchers or rising stars in the field of second language acquisition (SLA), who believe that little can be said about the effectiveness of teaching and testing methods or techniques without taking individual differences into account. Many of the studies corroborate in SLA what has become a central finding in the psychological and educational research about ATI: the more a method puts the burden of information processing on the student, the bigger the role of the corresponding aptitudes. The kinds of findings documented in this volume contribute to a scientific basis for the art of language teaching that will become increasingly useful as emerging technologies make adaptation to individuals and groups more feasible. Originally published as special issue of Journal of Second Language Studies 2:2 (2019)"--$cProvided by publisher. 410 0$aBenjamins Current Topics 606 $aSecond language acquisition 606 $aLanguage and languages$xAbility testing 606 $aLanguage and languages$xStudy and teaching 606 $aInteraction analysis in education 606 $aTeacher-student relationships$xPsychological aspects 606 $aLanguage awareness 615 0$aSecond language acquisition. 615 0$aLanguage and languages$xAbility testing. 615 0$aLanguage and languages$xStudy and teaching. 615 0$aInteraction analysis in education. 615 0$aTeacher-student relationships$xPsychological aspects. 615 0$aLanguage awareness. 676 $a418.0071 701 $aDeKeyser$b Robert M$01598025 801 0$bMiAaPQ 801 1$bMiAaPQ 801 2$bMiAaPQ 906 $aBOOK 912 $a9910823733303321 996 $aAptitude-treatment interaction in second language learning$93920025 997 $aUNINA LEADER 02083nam0 22004453i 450 001 VAN0218654 005 20230606031644.639 017 70$2N$a9783030302986 100 $a20210928d2019 |0itac50 ba 101 $aeng 102 $aCH 105 $a|||| ||||| 200 1 $aSocial Simulation for a Digital Society$eApplications and Innovations in Computational Social Science$fDiane Payne ?$bet al.] editors 210 $aCham$cSpringer$d2019 215 $aviii, 2018 p.$cill.$d24 cm 410 1$1001VAN0133298$12001 $aSpringer Proceedings in Complexity$1210 $aBerlin [etc.]$cSpringer 500 1$3VAN0218658$aSocial Simulation for a Digital Society : Applications and Innovations in Computational Social Science$92527165 606 $a91-XX$xGame theory, economics, finance, and other social and behavioral sciences [MSC 2020]$3VANC025601$2MF 606 $a90-XX$xOperations research, mathematical programming [MSC 2020]$3VANC025650$2MF 610 $aApplications of social simulation$9KW:K 610 $aChanging mobility patterns$9KW:K 610 $aComplexity theory$9KW:K 610 $aDigital society$9KW:K 610 $aDublin 2017$9KW:K 610 $aMethods of social simulation$9KW:K 610 $aOpinion dynamics$9KW:K 610 $aPublic policy$9KW:K 610 $aSimulating human interaction$9KW:K 610 $aSocial Simulation Conference$9KW:K 620 $aCH$dCham$3VANL001889 702 1$aPayne$bDiane$3VANV186018 712 $aSpringer $3VANV108073$4650 801 $aIT$bSOL$c20240614$gRICA 856 4 $uhttp://doi.org/10.1007/978-3-030-30298-6$zE-book ? Accesso al full-text attraverso riconoscimento IP di Ateneo, proxy e/o Shibboleth 899 $aBIBLIOTECA DEL DIPARTIMENTO DI MATEMATICA E FISICA$1IT-CE0120$2VAN08 912 $fN 912 $aVAN0218654 950 $aBIBLIOTECA DEL DIPARTIMENTO DI MATEMATICA E FISICA$d08CONS e-book 4024 $e08eMF4024 20210928 996 $aSocial Simulation for a Digital Society$92527165 997 $aUNICAMPANIA LEADER 01514nam2 2200397 i 450 001 RAV0201948 005 20251003044327.0 100 $a20100301d1992 ||||0itac50 ba 101 | $aita 102 $ait 181 1$6z01$ai $bxxxe 182 1$6z01$an 183 1$6z01$anc$2RDAcarrier 200 0 $a1: A-L 210 $aMilano$cSperling & Kupfer$d\1992! 215 $a127 p.$d20 cm. 461 1$1001RAV0201944$12001 $aTutta l'economia in 600 parole$eˆil ‰dizionario aggiornato dei termini economici che non potete permettervi di ignorare$v1 606 $aEconomia$2FIR$3CFIC000524$9E 606 $aTerminologia$2FIR$3CFIC126692$9E 606 $aDizionari specializzati$2FIR$3CFIC178295$9N 676 $a330.03$9ECONOMIA. Dizionari, enciclopedie, concordanze.$v23 696 $aEconomia reale$aAttività economiche$aAspetti economici 696 $aTermini tecnici 696 $aDizionari tecnici 699 $aEconomia$yEconomia reale 699 $aEconomia$zAttività economiche 699 $aEconomia$zAspetti economici 699 $aTerminologia$zTermini tecnici 699 $aDizionari specializzati$yDizionari tecnici 801 3$aIT$bIT-000000$c20100301 850 $aIT-BN0095 $aIT-AV0007 912 $aRAV0201948 950 2$aBiblioteca Centralizzata di Ateneo$cop. 1-2$d 01POZZO LIB.F. CORTI 143$e 01 0000116345E VMA (0001 op. 1$fB $h20230717$i20230717 977 $a 01$a AV 996 $aA-L$91401300 997 $aUNISANNIO